100 Compositeurs - Statistiques

Statistiques générales
  • Ce quiz a été pris 426 fois
  • Le résultat moyen est 42 sur 100
Statistiques - réponses
Œuvres musicales Compositeur % Correct
Une petite musique de nuit Wolfgang Amadeus Mozart
98%
Boléro Maurice Ravel
91%
Les Quatre Saisons Antonio Vivaldi
90%
Symphonie pastorale Ludwig van Beethoven
89%
Toccata et fugue en ré mineur Jean-Sébastien Bach
88%
La Chevauchée des Walkyries Richard Wagner
88%
La Marche de Radetzky Johann Strauss
84%
Le Beau Danube bleu Johann Strauss II
84%
Ainsi parlait Zarathoustra Richard Strauss
84%
Marche funèbre (Sonate pour piano n°2) Frédéric Chopin
83%
Le Lac des cygnes Piotr Ilitch Tchaïkovski
82%
La traviata Giuseppe Verdi
81%
Danse macabre Camille Saint-Saëns
76%
Gymnopédies Erik Satie
75%
La Mer Claude Debussy
74%
L'Arlésienne Georges Bizet
74%
Pierre et le Loup Sergueï Prokofiev
74%
Symphonie fantastique Hector Berlioz
73%
Symphonie du Nouveau Monde Antonin Dvorak
72%
La Jeune Fille et la Mort Franz Schubert
72%
Rhapsody in Blue George Gershwin
71%
Un requiem allemand Johannes Brahms
71%
Le Messie Georg Friedrich Haendel
69%
Guillaume Tell Gioacchino Rossini
66%
La Campanella Franz Liszt
63%
La Bohème Giacomo Puccini
63%
Le Sacre du printemps Igor Stravinsky
63%
Dans l'antre du roi de la montagne Edvard Grieg
61%
Canon en ré Johann Pachelbel
60%
La Création Joseph Haydn
60%
Vingt-quatre caprices pour violon Niccolo Paganini
60%
Carnaval Robert Schumann
59%
Armide Jean-Baptiste Lully
57%
Le Songe d'une nuit d'été Felix Mendelssohn
56%
Orphée aux Enfers Jacques Offenbach
56%
Pavane Gabriel Fauré
54%
Les Indes galantes Jean-Philippe Rameau
54%
Finlandia Jean Sibelius
54%
L'Orfeo Claudio Monteverdi
52%
Carmina Burana Carl Orff
51%
L'Île des Morts Sergueï Rachmaninov
50%
Le Chant de la Terre Gustav Mahler
49%
Le Vol du bourdon Nikolaï Rimski-Korsakov
49%
Le Château de Barbe-Bleue Béla Bartok
46%
King Arthur Henry Purcell
45%
L'Apprenti sorcier Paul Dukas
40%
Lakmé Léo Delibes
39%
Hamlet Dmitri Chostakovitch
38%
Boris Godounov Modeste Moussorgski
38%
Orphée et Eurydice Christoph Willibald Gluck
36%
Norma Vincenzo Bellini
36%
Salut d'Amour Edward Elgar
35%
Marche funèbre d'une marionnette Charles Gounod
33%
Iberia Isaac Albéniz
32%
Le Marteau sans maître Pierre Boulez
32%
Dans les steppes de l'Asie centrale Alexandre Borodine
31%
Oberon Carl Maria von Weber
31%
La Fiancée vendue Bedrich Smetana
30%
4'33" John Cage
30%
L'elisir d'amore Gaetano Donizetti
29%
Werther Jules Massenet
29%
Concerto pour la nuit de Noël Arcangelo Corelli
28%
La Nuit transfigurée Arnold Schönberg
28%
Les Danaïdes Antonio Salieri
27%
Peter Grimes Benjamin Britten
27%
Symphonie espagnole Edouard Lalo
27%
Turangalîla-Symphonie Olivier Messiaen
27%
La Danse du Sabre Aram Khatchatourian
23%
Les Béatitudes César Franck
23%
Jenufa Leos Janacek
23%
Le Poème de l'extase Alexandre Scriabine
20%
Pacific 231 Arthur Honegger
20%
Kol Nidrei Max Bruch
19%
Métaboles Henri Dutilleux
15%
Cavalleria rusticana Pietro Mascagni
15%
Bourrée fantasque Emmanuel Chabrier
14%
Goyescas Enrique Granados
14%
La Muette de Portici Daniel-François-Esprit Auber
13%
Une vie pour le tsar Mikhail Glinka
13%
Mignon Ambroise Thomas
12%
Amériques Edgard Varèse
12%
Le Chant de la cloche Vincent d'Indy
12%
Le Prisonnier du Caucase César Cui
11%
Hänsel und Gretel Engelbert Humperdinck
11%
Wozzeck Alban Berg
10%
Sonates du Rosaire Heinrich Biber
10%
Médée Luigi Cherubini
10%
Pagliacci Ruggero Leoncavallo
10%
Psalmus Hungaricus Zoltan Kodaly
10%
Le Roi Arthus Ernest Chausson
9%
Sonate dans le caractère populaire roumain Georges Enesco
9%
L'Europe galante André Campra
8%
Jeux de plein air Germaine Tailleferre
8%
La Juive Fromental Halévy
7%
Chant du départ Etienne Nicolas Méhul
6%
La Dame blanche François-Adrien Boieldieu
6%
La Fiancée de Messine Henri Vieuxtemps
6%
Guercoeur Albéric Magnard
5%
Les Heures persanes Charles Koechlin
5%
La Bohémienne Michael William Balfe
3%
Aucun quiz correspondant
Distribution des résultats
% des personnes avec chaque résultat
Percentile par nombre de réponses
Votre historique - résultats
Vous n’avez pas pris ce quiz